• 首页
  • 本馆介绍
  • 公告通知
  • 最新文献
  • 馆藏检索
  • 电子资源
  • 读者导购
  • 参考咨询
  • 我的图书馆
  • 登录
  • 详细信息显示
  • 放入我的书架
  • 预约/预借图书
  • 作者相关作品
  • 分类相关作品
  • 丛书相关作品
  • 出版社相关作品

书目信息

  • 表格格式
  • 工作单格式
  • 卡片格式
题名:
体育理论
    
 
作者: 体育理论教材编写组编
分册:  
出版信息: 北京   人民体育出版社  1981.08
页数: 169页
开本: 26cm
丛书名:
单 册:
中图分类: G80
科图分类:
主题词: 体育理论--高等学校--教材
电子资源:
ISBN:
000 00615nam0 2200241 45
001 0186017481
005 20040508160554.5
010    @dCNY1.85
091    @a7015.1973
100    @a19900802d1981 em y0chiy0121 ea
101 0  @achi
102    @aCN@b110000
105    @ay z 000yy
106    @ar
200 10 @a体育理论@Ati yu li lun@f体育理论教材编写组编
210    @a北京@c人民体育出版社@d1981.08
215    @a169页@d26cm
300    @a体育系通用教材
606    @a体育理论@x高等学校@x教材
690    @aG80@v3
801  0 @aCN@b深圳图书馆@c20040508
801  2 @aCN@bNLC@c20040508
905    @f1@b62149@dG80@e16
    
    体育理论/体育理论教材编写组编.-北京:人民体育出版社,1981.08
    169页;26cm
    体育系通用教材
    
    ISBN :CNY1.85
    
●
相关链接 在E读中查询图书 在五车中查询图书 在当当中查询图书 在豆瓣中查询图书


正题名:体育理论     索取号:G80/16         预约/预借

序号 登录号 条形码 馆藏地/架位号 状态 备注
1 0062149   001650886   密集书库/ [索取号:G80/16] 在馆    
唐山师范学院图书馆 欢迎您!
大连网信软件有限公司© 版权所有